Arranque y estabilización de un reactor UASB sin inoculo para el tratamiento de las aguas residuales domésticas

Presenta un estudio del comportamiento del reactor UASB (Upflow anaerobic, sludge blanket) para tratar aguas residuales domésticas sin inóculo, siendo sometido a diferentes condiciones de operación. El período de la investigación estuvo comprendido desde el 10 de julio de 1995 hasta el 28 de ma...

Full description

Bibliographic Details
Main Authors: González Ferrufino, Lisbeth del Socorro, Mendoza Arriaza, Felipe Cándido
Other Authors: Tutor: López V., Napoleón
Format: Tesis Section = Libro
Language:Undetermined
Spanish
Published: Managua UNI 1996
Subjects:
LEADER 01285nam a2200229Ia 4500
008 240830s9999 xx 000 0 und d
040 |a CEDOC DACA-RUSB / Mon 628.3 G642 
041 |a spa 
082 |a Mon 628.3 G642 
100 1 |a González Ferrufino, Lisbeth del Socorro 
100 1 |b  Mendoza Arriaza, Felipe Cándido 
245 1 0 |a Arranque y estabilización de un reactor UASB sin inoculo para el tratamiento de las aguas residuales domésticas 
260 |a Managua  |b UNI  |c 1996 
300 |a 140 h. :il 
502 |a Tesis (Ingeniero Químico) -UNI, 1996. 
520 3 |a Presenta un estudio del comportamiento del reactor UASB (Upflow anaerobic, sludge blanket) para tratar aguas residuales domésticas sin inóculo, siendo sometido a diferentes condiciones de operación. El período de la investigación estuvo comprendido desde el 10 de julio de 1995 hasta el 28 de mayo de 1996, abarca diferentes etapas de la investigación como el afora de cauda, muestreo y operación del digestor. La etapa de operación del digestor duró siete meses, para la cual se trabajó con agua 
650 7 |a TRATAMIENTO Y ELIMINACION DE LAS AGUAS NEGRAS 
650 7 |b  TRATAMIENTO DE AGUA 
700 1 |a Tutor:  |b López V., Napoleón 
942 |c BK  |2 ddc 
991 |a TESIS 
999 |c 26349